NRL Rugby League Teams - Statistics

General Stats
  • This quiz has been taken 432 times
  • The average score is 14 of 17
Answer Stats
Team % Correct
Brisbane Broncos
96%
Melbourne Storm
89%
Penrith Panthers
89%
South Sydney Rabbitohs
88%
Wests Tigers
88%
Parramatta Eels
86%
Dolphins
85%
Gold Coast Titans
85%
Canberra Raiders
84%
Canterbury-Bankstown Bulldogs
84%
North Queensland Cowboys
84%
Warriors
83%
Cronulla-Sutherland Sharks
82%
St. George Illawarra Dragons
82%
Sydney Roosters
82%
Manly Warringah Sea Eagles
77%
Newcastle Knights
76%
No matching quizzes found
Score Distribution
Percent of People with Each Score
Percentile by Number Answered
Your Score History
You have not taken this quiz